Presidenti della Repubblica italiana - Statistics

Statistiche generali
  • Questo quiz è stato fatto 5.747 volte
  • Il punteggio medio è 6 su 12
Statistiche sulle risposte
con Immagini Risposta % Corretto
Sergio Mattarella
100%
Giorgio Napolitano
85%
Sandro Pertini
77%
Carlo Azeglio Ciampi
60%
Francesco Cossiga
54%
Enrico De Nicola
47%
Giovanni Leone
47%
Oscar Luigi Scalfaro
43%
Luigi Einaudi
42%
Giuseppe Saragat
38%
Giovanni Gronchi
29%
Antonio Segni
27%
Nessun quiz corrispondente trovato
Distribuzione punteggi
Percentuale di utenti per punteggio
Percentile per numero di risposta
I tuoi punteggi nel tempo
Non hai fatto questo quiz